Equity and Trusts (Record no. 5080)

MARC details
000 -LEADER
fixed length control field 01227nam a22002297a 4500
008 - FIXED-LENGTH DATA ELEMENTS--GENERAL INFORMATION
fixed length control field 120406t xxu||||| |||| 00| 0 eng d
020 ## - INTERNATIONAL STANDARD BOOK NUMBER
International Standard Book Number 9966-1532-7-2
082 ## - DEWEY DECIMAL CLASSIFICATION NUMBER
Classification number 340.059/BAK
100 ## - MAIN ENTRY--PERSONAL NAME
Personal name Bakibinga David
Titles and other words associated with a name Equity and Trusts
Dates associated with a name 2011
9 (RLIN) 6552
245 ## - TITLE STATEMENT
Title Equity and Trusts
Statement of responsibility, etc Bakibinga David
260 ## - PUBLICATION, DISTRIBUTION, ETC. (IMPRINT)
Place of publication, distribution, etc Uganda
Name of publisher, distributor, etc Law Africa publishing house (U) Ltd
Date of publication, distribution, etc 2011
300 ## - PHYSICAL DESCRIPTION
Extent xxi,423p.
500 ## - GENERAL NOTE
General note It has Tables and it is in chapters
600 ## - SUBJECT ADDED ENTRY--PERSONAL NAME
Source of heading or term Equit and Trusts
Personal name Bakibinga David
Dates associated with a name 2011
9 (RLIN) 6553
700 ## - ADDED ENTRY--PERSONAL NAME
Personal name Bakibinga David
Titles and other words associated with a name Equity and Trusts
Dates associated with a name 2011
9 (RLIN) 6554
942 ## - ADDED ENTRY ELEMENTS (KOHA)
Source of classification or shelving scheme Dewey Decimal Classification
Item type Books
Holdings
Withdrawn status Lost status Source of classification or shelving scheme Damaged status Not for loan Home library Current library Shelving location Date acquired Total Checkouts Full call number Barcode Date last seen Price effective from Koha item type
    Dewey Decimal Classification     Law Development Centre Main Library Law Development Centre Main Library Text Books and Laws 04/06/2012   340.059/BAK 3720/2012 04/06/2012 04/06/2012 Books
    Dewey Decimal Classification     Law Development Centre Main Library Law Development Centre Main Library Text Books and Laws 04/06/2012   340.059/BAK 3721/2012 04/06/2012 04/06/2012 Books
    Dewey Decimal Classification     Law Development Centre Main Library Law Development Centre Main Library Text Books and Laws 04/06/2012   340.059/BAK 3722/2012 04/06/2012 04/06/2012 Books
    Dewey Decimal Classification     Law Development Centre Main Library Law Development Centre Main Library Text Books and Laws 04/06/2012   340.059/BAK 3723/2012 04/06/2012 04/06/2012 Books
    Dewey Decimal Classification     Law Development Centre Main Library Law Development Centre Main Library Text Books and Laws 04/06/2012   340.059/BAK 3724/2012 04/06/2012 04/06/2012 Books